000
00324nam a2200145Ia 4500
100
_a
Eliens/ Anton
942
_c
BK
654
_a
Computer
245
_a
Principles of Object Oriented Software
260
_b
ADDISON WESLEY
_a
Wokingham
_c
1995
082
_a
5.1
_b
ELI
300
_a
513
546
_a
ENGLISH
999
_c
25285
_d
25285